000 00700nam a2200289Ia 4500
005 20260324150048.0
008 008 260324s9999 xx 000 0 eng d
020 _a9781003155829
037 _aEBOOK
040 _aCRL
040 _beng
040 _cCRL
041 _2eng
041 _aeng
084 _qCRL
100 _aMichael F. Collins; Timothy M. Pharoah
_91225131
245 0 _aTransport Organisation in a Great City
245 4 _bThe Case of London
260 _bTaylor and Francis
260 _c1974
365 _a
365 _b290
856 _uhttp://www.taylorfrancis.com/books/9781003155829
942 _cEBOOK
999 _c1833957
_d1833957